00990 a2200229 4500020001500000020002200015050002000037100003300057245007600090264005100166300002700217440003400244500001900278504005400297650001200351650002500363700002800388856007400416856008800490856007600578856010600654 a0521801923 a0521000408 (pbk.)00aML1015 CAM 2003 aCoelho, Victor Anandeeditor04aThe Cambridge companion to the guitar /cedited by Victor Anand Coelho. aNew York :bCambridge University Press,c2003. axiii, 264 p. :bill. ; 0aCambridge companions to music aIncludes index aIncludes bibliographical references (p. 249-251)  0aGuitar. 0aGuitarxPerformance.1 aCoelho, Victor.eeditor413Sample textuhttp://www.loc.gov/catdir/samples/cam034/2002025691.html423Publisher descriptionuhttp://www.loc.gov/catdir/description/cam022/2002025691.html413Table of contentsuhttp://www.loc.gov/catdir/toc/cam024/2002025691.html423Contributor biographical informationuhttp://www.loc.gov/catdir/enhancements/fy0731/2002025691-b.html